000 00452nam a22001817a 4500
005 20251108165224.0
008 250721s1988 xx 000 0 ara d
082 1 4 _a922.1/محم
100 1 _aعمارة، محمد
245 1 0 _aمسلمون ثوار /
250 _aط3.
264 1 _aبيروت :
_bدار شروق،
_c1988.
300 _a531ص.
650 1 7 _aالإسلام
650 1 7 _aالتراجم
942 _2ddc
_cBK
999 _c22516
_d22516